=LDR 00000nam 2200000 4500 =001 INLIS000000000041793 =990 ##$$a 0001/BPAP-NTB/20142015 =990 ##$$a 21112714 =005 20150202091856.0 =990 ##$$a 21196937/BPAP-NTB/2014 =990 ##$$a 21196937/BPAP-NTB/2014 =006 =990 ##$$a 0001/BPAP-NTB/20142015 =990 ##$$a 0001/BPAP-NTB/20142015 =007 =008 ind =035 ##$$0010-061300000041793 =041 ##$$a ind =082 ##$$a 813 =090 ##$$a 813, Set s =100 ##$$a Anak S-E-N =245 ##$$a Setelah 7 wanita menamparku, Anak S-E-N =260 ##$$a 2009 $b Yogyakarta =300 ##$$a 209 hlm, 22 cm =850 ##$$a NBPNMAT =990 ##$$a 21196937/BPAP-NTB/2014 =990 ##$$a 0001/BPAP-NTB/20142015